Statistiques concernant Les 10 présidents avec le plus court mandat

Cliquez ici pour prendre le quiz!

Statistiques générales

  • Ce quiz a été pris 60 fois
  • Le résultat moyen est 7 sur 10

Statistiques - réponses

AnnéesRéponse% Correct
2012-2017François Hollande
100%
1969-1974Georges Pompidou
81%
1954-1959René Coty
78%
1895-1899Félix Faure
70%
1931-1932Paul Doumer
67%
1871-1873Adolphe Thiers
65%
1848-1852Louis-Napoléon Bonaparte
65%
1920-1924Alexandre Millerand
54%
1920Paul Deschanel
46%
1894-1895Jean Casimir-Perier
44%

Distribution des résultats

Percentile par nombre de réponses

% des personnes avec chaque résultat

Votre développement - résultats

Vous n’avez pas pris ce quiz